Central Library OPAC University of Rajshahi

সুকুমার রায় সমগ্র রচনাবলী ২ / (Record no. 72059)

MARC details
000 -LEADER
fixed length control field 00910nam a22002177a 4500
001 - CONTROL NUMBER
control field 72059
003 - CONTROL NUMBER IDENTIFIER
rucl marc code BD-RjUL
005 - DATE AND TIME OF LATEST TRANSACTION
control field 20211209082215.0
008 - FIXED-LENGTH DATA ELEMENTS--GENERAL INFORMATION
fixed length control field 170513s1975 ii ||||| |||| 00| 0 ben d
035 ## - SYSTEM CONTROL NUMBER
System control number (BD-RjUL)72275
040 ## - CATALOGING SOURCE
Original cataloging agency BD-RjUL
Language of cataloging ben
Transcribing agency BD-RjUL
041 ## - LANGUAGE CODE
Language code of text/sound track or separate title ben
082 ## - DEWEY DECIMAL CLASSIFICATION NUMBER
Edition number 23
Classification number 891.4408
Author mark and year ROS 1975
100 1# - MAIN ENTRY--PERSONAL NAME
Personal name রায়, সুকুমার
9 (RLIN) 213262
245 10 - TITLE STATEMENT
Title সুকুমার রায় সমগ্র রচনাবলী ২ /
Statement of responsibility, etc. স ম্পাদনায় পুণ্যলতা চক্রবর্তী এবং সমীর মৈত্র.
260 ## - PUBLICATION, DISTRIBUTION, ETC. (IMPRINT)
Place of publication, distribution, etc. কলিকাতা :
Name of publisher, distributor, etc. এশিয়া পাবলিশিং,
Date of publication, distribution, etc. ১৯৭৫.
300 ## - PHYSICAL DESCRIPTION
Pagination ৪৩১ পৃ. ;
Size ২৮ সেমি.
650 ## - SUBJECT ADDED ENTRY--TOPICAL TERM
Topical term or geographic name as entry element বাংলা সাহিত্য
General subdivision সংগ্রহ
9 (RLIN) 213123
Topical term or geographic name as entry element Bengali Literature
General subdivision Collected works
9 (RLIN) 157119
942 ## - ADDED ENTRY ELEMENTS (KOHA)
Source of classification or shelving scheme Dewey Decimal Classification
Koha item type Books
Holdings
Lost status Source of classification or shelving scheme Damaged status Not for loan Collection code Permanent Location Current Location Shelving location Date acquired Source of acquisition Cost, normal purchase price Total Checkouts Full call number Date last seen Copy number Koha item type Date checked out
  Dewey Decimal Classification   Not For Loan Non-fiction Central Library, University of Rajshahi Central Library, University of Rajshahi Reading Room 21/10/1979 Indian International, Calcutta. 60.00   B 891.4408 ROS 1975 13/05/2017 C-1 Books  
  Dewey Decimal Classification     Non-fiction Central Library, University of Rajshahi Central Library, University of Rajshahi General Stacks 21/11/1979 India Int. Calcutta 60.00 2 B 891.4408 ROS 1974 17/04/2024 C-2 Books 13/03/2024